[Event "Dueville op-B 1st"]
[Site "Dueville"]
[Date "2023.06.04"]
[Round "5"]
[White "Sottroi, Carlo"]
[Black "Gneo, Marco"]
[Result "0-1"]
[WhiteElo "1670"]
[BlackElo "1650"]
[PlyCount "67"]
[EventDate "2023.06.01"]
[EventType "swiss"]
[EventRounds "5"]
[EventCountry "ITA"]
[SourceTitle "EXT 2024"]
[Source "ChessBase"]
[SourceDate "2023.10.10"]
[SourceVersion "1"]
[SourceVersionDate "2023.10.10"]
[SourceQuality "1"]

1. e4 c5 2. Nc3 e6 3. g3 g6 4. Bg2 Bg7 5. d3 Ne7 6. Bd2 0-0 7. f4 d5 8. e5 Nbc6 9. Nf3 Bd7 10. 0-0 b5 11. Ne2 Rb8 12. c3 Qb6 13. d4 c4 14. g4 a5 15. Ng3 b4 16. Rb1 a4 17. Kh1 Qa7 18. Qe2 a3 19. Qe1 axb2 20. cxb4 Qa3 21. Bc3 Nxb4 22. Qd2 Nd3 23. Ne1 Qxa2 24. Nxd3 cxd3 25. Bb4 Rfe8 26. Rxb2 Qa8 27. Rfb1 Nc6 28. Qxd3 Nxb4 29. Rxb4 Rxb4 30. Rxb4 Bf8 31. Rb1 Rb8 32. Bf1 Rxb1 33. Qxb1 Qa3 34. Bd3 0-1

[Event "Dueville op-B 1st"]
[Site "Dueville"]
[Date "2023.06.03"]
[Round "2"]
[White "Sottroi, Carlo"]
[Black "Ranieri, Guglielmo"]
[Result "1-0"]
[WhiteElo "1670"]
[BlackElo "1410"]
[PlyCount "42"]
[EventDate "2023.06.01"]
[EventType "swiss"]
[EventRounds "5"]
[EventCountry "ITA"]
[SourceTitle "EXT 2024"]
[Source "ChessBase"]
[SourceDate "2023.10.10"]
[SourceVersion "1"]
[SourceVersionDate "2023.10.10"]
[SourceQuality "1"]

1. c4 Nf6 2. Nc3 d6 3. g3 Nbd7 4. Bg2 c6 5. e4 e5 6. Nge2 g5 7. d4 h6 8. b3 Be7 9. d5 Nf8 10. 0-0 Ng6 11. Qd3 Nh7 12. Nd1 h5 13. f4 gxf4 14. gxf4 Rg8 15. Kh1 Nh4 16. Rg1 exf4 17. Bxf4 Bf6 18. Rc1 Be5 19. Bxe5 dxe5 20. Nf2 Bg4 21. Nxg4 hxg4 1-0

[Event "Chioggia op-B 15th"]
[Site "Chioggia"]
[Date "2022.10.02"]
[Round "5"]
[White "Sottroi, Carlo"]
[Black "Di Salvo, Alessandro"]
[Result "0-1"]
[WhiteElo "1763"]
[BlackElo "1660"]
[PlyCount "146"]
[EventDate "2022.09.30"]
[EventType "swiss"]
[EventRounds "5"]
[EventCountry "ITA"]
[SourceTitle "EXT 2024"]
[Source "ChessBase"]
[SourceDate "2023.10.10"]
[SourceVersion "1"]
[SourceVersionDate "2023.10.10"]
[SourceQuality "1"]

1. e4 c6 2. d3 e5 3. Nf3 d6 4. Nc3 Be7 5. h3 Nd7 6. Bd2 Ngf6 7. d4 exd4 8. Nxd4 Nc5 9. Qe2 Qb6 10. 0-0-0 Ncxe4 11. Nxe4 Qxd4 12. Nxf6+ Qxf6 13. Bc3 Qg5+ 14. Kb1 Be6 15. g3 0-0-0 16. Bg2 Bf6 17. h4 Qc5 18. Bxf6 gxf6 19. b3 Rhe8 20. Qd2 a5 21. Rhe1 Kc7 22. Qe3 Qa3 23. Qc3 Qb4 24. Qxb4 axb4 25. Kb2 Bd7 26. Bf3 Re5 27. Rxe5 fxe5 28. Bh5 f6 29. Rg1 Rg8 30. a4 bxa3+ 31. Kxa3 b6 32. Kb2 Rg7 33. Kc3 d5 34. Ra1 Kb7 35. Be2 d4+ 36. Kd2 c5 37. Ba6+ Kb8 38. Bc4 Bc8 39. Bd5 Ra7 40. Rxa7 Kxa7 41. Bg8 h6 42. Bd5 Kb8 43. Kd3 Kc7 44. Bg2 Kd6 45. Ba8 f5 46. f3 Be6 47. Bb7 Bd5 48. Bc8 e4+ 49. fxe4 fxe4+ 50. Ke2 Ke5 51. Ba6 Be6 52. Bb7 Bf5 53. Ba6 e3 54. Kd1 Bg4+ 55. Ke1 Bf3 56. Bb5 Bd5 57. Bf1 Kf5 58. Bh3+ Kg6 59. Ke2 Be4 60. Kd1 e2+ 61. Kxe2 Bxc2 62. Be6 Be4 63. Kd2 Kf6 64. Bg4 Ke5 65. Bd1 Bd5 66. Bc2 b5 67. Ke2 c4 68. bxc4 bxc4 69. Bg6 Be4 70. Bf7 c3 71. Bc4 Bf3+ 72. Kd3 Bg2 73. Ke2 Bf1+ 0-1

[Event "Mestre CIS 53rd"]
[Site "Mestre"]
[Date "2021.09.19"]
[Round "6.1"]
[White "Goi, Veronika"]
[Black "Sottroi, Carlo"]
[Result "1/2-1/2"]
[WhiteElo "1896"]
[BlackElo "1679"]
[PlyCount "104"]
[EventDate "2021.09.17"]
[EventType "team-swiss"]
[EventRounds "6"]
[EventCountry "ITA"]
[SourceTitle "EXT 2023"]
[Source "ChessBase"]
[SourceDate "2022.10.05"]
[SourceVersion "1"]
[SourceVersionDate "2022.10.05"]
[SourceQuality "1"]
[WhiteTeam "Mestre Capa Boys"]
[BlackTeam "Belluno Il Pedone"]
[WhiteTeamCountry "ITA"]
[BlackTeamCountry "ITA"]

1. e4 e6 2. d4 d5 3. exd5 exd5 4. Bd3 Bd6 5. Nf3 Nf6 6. Bg5 Nc6 7. c3 Ne7 8. Qc2 c6 9. Ne5 h6 10. Bh4 g5 11. Bg3 Qc7 12. Qe2 Be6 13. Nd2 0-0-0 14. b4 Rde8 15. Nb3 Nf5 16. Bxf5 Bxf5 17. Qf3 Nd7 18. 0-0 Be4 19. Nxf7 Bf4 20. Qd1 Rh7 21. Ne5 Nxe5 22. dxe5 Qxe5 23. Qd4 Qxd4 24. cxd4 Bd3 25. Rfe1 Rhe7 26. Rxe7 Rxe7 27. Bxf4 gxf4 28. Rc1 Bc4 29. h3 Re2 30. Na5 Bb5 31. a3 Kc7 32. Nb3 b6 33. Rc3 Bc4 34. g3 Re4 35. Kg2 Bxb3 36. Rxb3 Rxd4 37. gxf4 Rxf4 38. Rg3 Rf7 39. Rg6 Rh7 40. f4 c5 41. bxc5 bxc5 42. Ra6 Kb7 43. Rd6 d4 44. Kf3 Kc7 45. Ra6 Kb7 46. Rd6 h5 47. f5 Rc7 48. Kf4 Rc6 49. Rd7+ Rc7 50. Rd6 Rc6 51. Rd7+ Rc7 52. Rd6 Rc6 1/2-1/2

[Event "Veneto-ch qf 79th"]
[Site "Padova"]
[Date "2020.02.21"]
[Round "1.29"]
[White "Sala, Giulia"]
[Black "Sottroi, Carlo"]
[Result "1-0"]
[WhiteElo "2021"]
[BlackElo "1630"]
[PlyCount "125"]
[EventDate "2020.02.21"]
[EventType "swiss"]
[EventRounds "3"]
[EventCountry "ITA"]
[SourceTitle "EXT 2024"]
[Source "ChessBase"]
[SourceDate "2023.10.10"]
[SourceVersion "1"]
[SourceVersionDate "2023.10.10"]
[SourceQuality "1"]

1. e4 e6 2. d4 d5 3. Nc3 Nf6 4. e5 Nfd7 5. Nce2 c5 6. c3 Nc6 7. Nf3 cxd4 8. cxd4 Qb6 9. g3 Bb4+ 10. Bd2 0-0 11. Bg2 f5 12. 0-0 Re8 13. Rc1 Nf8 14. a3 Bxd2 15. Qxd2 Bd7 16. Nf4 Qd8 17. h4 h6 18. Ne1 Rc8 19. b4 Qb6 20. Nf3 Ne7 21. Nd3 Bb5 22. Rfd1 Bxd3 23. Qxd3 Rc6 24. Rc5 Nd7 25. Rxc6 Qxc6 26. Nd2 Rc8 27. Nb3 Qc3 28. Nc5 Qxd3 29. Rxd3 Nxc5 30. bxc5 Nc6 31. Bf1 Kf8 32. f4 Rc7 33. Kf2 Ke7 34. Ke3 Na5 35. Rc3 b6 36. Bb5 bxc5 37. dxc5 Nc6 38. Bxc6 Rxc6 39. Kd4 Kd7 40. Rb3 Kc7 41. h5 Ra6 42. Kd3 Ra5 43. Rc3 Rb5 44. Kc2 Kc6 45. Kd3 Rxc5 46. Rb3 Kc7 47. Rb4 a5 48. Rb3 Rc6 49. Rb5 Rb6 50. Rxa5 Rb3+ 51. Kd4 Kb7 52. Kc5 Rc3+ 53. Kd6 Rc6+ 54. Kd7 d4 55. Ra4 Ra6 56. Rxd4 Rxa3 57. Kxe6 Rxg3 58. Kxf5 Rh3 59. e6 Rxh5+ 60. Kg6 Rc5 61. e7 Rc6+ 62. Kxg7 Re6 63. Kf7 1-0

[Event "Chioggia op-B 14th"]
[Site "Chioggia"]
[Date "2019.10.06"]
[Round "4"]
[White "Pieropan, Giorgio"]
[Black "Sottroi, Carlo"]
[Result "1-0"]
[WhiteElo "1816"]
[BlackElo "1717"]
[PlyCount "70"]
[EventDate "2019.10.04"]
[EventType "swiss"]
[EventRounds "5"]
[EventCountry "ITA"]
[SourceTitle "EXT 2022"]
[Source "ChessBase"]
[SourceDate "2021.10.06"]
[SourceVersion "1"]
[SourceVersionDate "2021.10.06"]
[SourceQuality "1"]

1. e4 e6 2. d4 d5 3. e5 c5 4. c3 Qb6 5. Nf3 Nc6 6. a3 cxd4 7. cxd4 Bd7 8. Nc3 f6 9. exf6 Nxf6 10. Bd3 a6 11. 0-0 Bd6 12. Re1 0-0 13. b4 Qc7 14. Bb2 b5 15. Rc1 Qb8 16. Bb1 g6 17. Rc2 Nh5 18. Re3 Bf4 19. Rd3 a5 20. Na2 axb4 21. Nxb4 Nxb4 22. axb4 Bd6 23. Ne5 Qd8 24. Qe1 Qe7 25. Rb3 Nf6 26. Bc1 Qg7 27. Bf4 Ne4 28. Nxd7 Qxd7 29. Bxd6 Nxd6 30. Re2 Rf6 31. Rbe3 Ra1 32. h4 Nf5 33. Rf3 Kg7 34. Rd3 Nxh4 35. Rd1 Qc7 1-0

[Event "Chioggia op-B 14th"]
[Site "Chioggia"]
[Date "2019.10.05"]
[Round "3"]
[White "Sottroi, Carlo"]
[Black "Marani, Luca"]
[Result "0-1"]
[WhiteElo "1717"]
[BlackElo "1845"]
[PlyCount "90"]
[EventDate "2019.10.04"]
[EventType "swiss"]
[EventRounds "5"]
[EventCountry "ITA"]
[SourceTitle "EXT 2022"]
[Source "ChessBase"]
[SourceDate "2021.10.06"]
[SourceVersion "1"]
[SourceVersionDate "2021.10.06"]
[SourceQuality "1"]

1. e4 e5 2. Nf3 Nc6 3. Bb5 Bc5 4. c3 Nf6 5. Qe2 0-0 6. 0-0 d6 7. d3 Bg4 8. Be3 Bb6 9. Nbd2 Ne7 10. Nc4 Ng6 11. Ba4 Nh4 12. Ncd2 Qc8 13. Rfe1 h6 14. Bd1 Nh5 15. g3 Ng6 16. d4 f5 17. Qc4+ Kh8 18. dxe5 dxe5 19. Bxb6 axb6 20. exf5 Qxf5 21. Bc2 Qxc2 22. Qxg4 Nf6 23. Qb4 Rad8 24. Rac1 Qf5 25. Kg2 Rxd2 26. Nxd2 Nd5 27. Qe4 Qxf2+ 28. Kh1 Qxd2 29. Rcd1 Qxb2 30. Re2 Nxc3 31. Rxb2 Nxe4 32. Kg2 Nd6 33. Rc2 Rf7 34. a4 e4 35. Rdc1 c6 36. Rd1 Rf6 37. Rb1 b5 38. a5 Nc4 39. Ra2 Nge5 40. a6 bxa6 41. Rxa6 e3 42. Ra2 Nd2 43. Re1 Rf2+ 44. Kh3 Nec4 45. Ra8+ Kh7 0-1

[Event "Chioggia op-B 14th"]
[Site "Chioggia"]
[Date "2019.10.04"]
[Round "1"]
[White "Sottroi, Carlo"]
[Black "Marino, Maurizio"]
[Result "1-0"]
[WhiteElo "1717"]
[BlackElo "1461"]
[PlyCount "55"]
[EventDate "2019.10.04"]
[EventType "swiss"]
[EventRounds "5"]
[EventCountry "ITA"]
[SourceTitle "EXT 2022"]
[Source "ChessBase"]
[SourceDate "2021.10.06"]
[SourceVersion "1"]
[SourceVersionDate "2021.10.06"]
[SourceQuality "1"]

1. e4 c5 2. Nf3 e6 3. d4 cxd4 4. Nxd4 a6 5. Be2 Qc7 6. 0-0 Nf6 7. Nc3 Bb4 8. Qd3 h5 9. Nd1 Nc6 10. c3 Bc5 11. Nxc6 bxc6 12. b4 Ba7 13. Ne3 Bb7 14. Nc4 Bb8 15. f4 c5 16. Bf3 cxb4 17. cxb4 d5 18. exd5 Bxd5 19. Ne5 0-0 20. Bb2 Ba7+ 21. Kh1 Qd6 22. a3 Rfd8 23. Rad1 Rab8 24. Qe2 Bxf3 25. Qxf3 Qb6 26. Nc6 Rxd1 27. Rxd1 Re8 28. Bd4 1-0

[Event "Treviso op-A 3rd"]
[Site "Treviso"]
[Date "2019.03.30"]
[Round "3.17"]
[White "Barro, Francesco"]
[Black "Sottroi, Carlo"]
[Result "0-1"]
[WhiteElo "1902"]
[BlackElo "1731"]
[PlyCount "89"]
[EventDate "2019.03.29"]
[EventType "swiss"]
[EventRounds "5"]
[EventCountry "ITA"]
[SourceTitle "EXT 2024"]
[Source "ChessBase"]
[SourceDate "2023.10.10"]
[SourceVersion "1"]
[SourceVersionDate "2023.10.10"]
[SourceQuality "1"]

1. e4 e6 2. d3 d5 3. Nd2 Nf6 4. Ngf3 c5 5. g3 Nc6 6. Bg2 Be7 7. 0-0 0-0 8. Re1 Qc7 9. e5 Nd7 10. Qe2 b5 11. Nf1 a5 12. h4 Nd4 13. Nxd4 cxd4 14. Bf4 Re8 15. Bxd5 Bb7 16. Bxb7 Qxb7 17. Qe4 Qb6 18. Bg5 Bxg5 19. hxg5 Rac8 20. Re2 Red8 21. f3 Nf8 22. Rd2 Rc7 23. Nh2 Qc5 24. a3 f6 25. gxf6 gxf6 26. Ng4 f5 27. Nh6+ Kh8 28. Qh4 Qe7 29. Nf7+ Qxf7 30. Qxd8 Rd7 31. Qxa5 Qh5 32. Qa8 Kg8 33. Rg2 Rg7 34. Kf2 Rc7 35. Rc1 Qf7 36. f4 Qd7 37. g4 Rc8 38. gxf5+ Kh8 39. Qf3 exf5 40. Rg5 Qf7 41. b3 Ne6 42. Rgg1 Qe7 43. Qd5 Qh4+ 44. Rg3 Qxf4+ 45. Rf3 0-1

[Event "Milan Crespi op-B 32nd"]
[Site "Milan"]
[Date "2011.12.11"]
[Round "7"]
[White "Alberio, Silvio"]
[Black "Sottroi, Carlo"]
[Result "1-0"]
[WhiteElo "1755"]
[BlackElo "1949"]
[PlyCount "71"]
[EventDate "2011.12.07"]
[EventType "swiss"]
[EventRounds "7"]
[EventCountry "ITA"]
[SourceTitle "EXT 2022"]
[Source "ChessBase"]
[SourceDate "2021.10.06"]
[SourceVersion "1"]
[SourceVersionDate "2021.10.06"]
[SourceQuality "1"]

1. d4 Nf6 2. c4 g6 3. Nc3 Bg7 4. e4 d6 5. Be2 c6 6. Nf3 0-0 7. 0-0 Na6 8. h3 Bd7 9. Re1 Qa5 10. Bd2 Qb6 11. Rb1 Rac8 12. b4 Qd8 13. Bf4 c5 14. bxc5 dxc5 15. Rxb7 cxd4 16. Nd5 Nxd5 17. exd5 Nc5 18. Rxa7 Qb6 19. Ra3 Bf5 20. Nxd4 Ne4 21. Be3 Qb2 22. Nxf5 gxf5 23. Bc1 Qb6 24. Be3 Qb2 25. Qc1 Qf6 26. Bf3 Nc5 27. Bg5 Qb2 28. Rxe7 Qb4 29. Re2 Rfe8 30. Rae3 Rxe3 31. Bxe3 Nd3 32. Qc2 Qxc4 33. Qxc4 Rxc4 34. d6 Be5 35. d7 Bc7 36. Bh6 1-0

[Event "Bratto Gorgonzola op-B"]
[Site "Bratto"]
[Date "2006.08.25"]
[Round "6"]
[White "Marguerettaz, Davy"]
[Black "Sottroi, Carlo"]
[Result "1/2-1/2"]
[WhiteElo "1700"]
[BlackElo "2008"]
[PlyCount "45"]
[EventDate "2006.08.20"]
[EventType "swiss"]
[EventRounds "8"]
[EventCountry "ITA"]
[SourceTitle "EXT 2008"]
[Source "ChessBase"]
[SourceDate "2007.11.25"]
[SourceVersion "1"]
[SourceVersionDate "2007.11.25"]
[SourceQuality "1"]

1. e4 e6 2. d4 d5 3. Nd2 Nf6 4. e5 Nfd7 5. Ngf3 c5 6. c3 Nc6 7. Be2 Qb6 8. Nb3 cxd4 9. cxd4 a5 10. Be3 a4 11. Nbd2 Qxb2 12. 0-0 Be7 13. Bd3 Qc3 14. Qe2 Qa5 15. Rfc1 Ba3 16. Rd1 Qd8 17. Rab1 Qe7 18. Nf1 f6 19. exf6 gxf6 20. Bh6 Kf7 21. Nh4 Ke8 22. Re1 Kd8 23. Qg4 1/2-1/2

[Event "Bratto Gorgonzola op-B"]
[Site "Bratto"]
[Date "2006.08.20"]
[Round "1"]
[White "Sottroi, Carlo"]
[Black "Vanzan, Alessandro"]
[Result "1-0"]
[WhiteElo "2008"]
[BlackElo "1835"]
[PlyCount "45"]
[EventDate "2006.08.20"]
[EventType "swiss"]
[EventRounds "8"]
[EventCountry "ITA"]
[SourceTitle "EXT 2008"]
[Source "ChessBase"]
[SourceDate "2007.11.25"]
[SourceVersion "1"]
[SourceVersionDate "2007.11.25"]
[SourceQuality "1"]

1. e4 c5 2. d4 cxd4 3. c3 dxc3 4. Nxc3 d6 5. Nf3 Nf6 6. Bc4 e6 7. e5 Ng4 8. Bb5+ Nc6 9. exd6 Bxd6 10. Qd4 Nf6 11. Bg5 0-0 12. Bxc6 bxc6 13. Bxf6 gxf6 14. 0-0-0 Rb8 15. Qxd6 Qb6 16. Rd2 Ba6 17. Qd4 c5 18. Qxf6 Bd3 19. Ne5 Bb5 20. Re1 Rb7 21. Re3 Rfb8 22. Rg3+ Kf8 23. Qg7+ 1-0

[Event "Ravenna op"]
[Site "Ravenna"]
[Date "2005.10.16"]
[Round "5"]
[White "Sottroi, Carlo"]
[Black "Lucchi, Lorenzo"]
[Result "1-0"]
[WhiteElo "1823"]
[BlackElo "1886"]
[PlyCount "57"]
[EventDate "2005.10.14"]
[EventType "swiss"]
[EventRounds "5"]
[EventCountry "ITA"]
[SourceTitle "EXT 2007"]
[Source "ChessBase"]
[SourceDate "2006.11.23"]
[SourceVersion "1"]
[SourceVersionDate "2006.11.23"]
[SourceQuality "1"]

1. e4 e5 2. Nf3 Nc6 3. Bc4 Bc5 4. Nc3 d6 5. d3 Bg4 6. h3 Bh5 7. g4 Bg6 8. Nd5 Nf6 9. Nxf6+ gxf6 10. Qe2 Qd7 11. Bh6 Nd4 12. Nxd4 Bxd4 13. c3 Bc5 14. 0-0-0 a5 15. h4 a4 16. a3 d5 17. Bxd5 f5 18. h5 c6 19. Bc4 b5 20. exf5 f6 21. Be6 Qe7 22. hxg6 hxg6 23. Be3 Rf8 24. Bxc5 Qxc5 25. d4 Qe7 26. dxe5 b4 27. cxb4 Ra7 28. Qd2 fxe5 29. Rh7 1-0

[Event "Pedavena op 1st"]
[Site "Pedavena"]
[Date "2005.08.05"]
[Round "5"]
[White "Quaranta, Gaetano"]
[Black "Sottroi, Carlo"]
[Result "0-1"]
[WhiteElo "1631"]
[BlackElo "1802"]
[PlyCount "70"]
[EventDate "2005.08.03"]
[EventType "swiss"]
[EventRounds "6"]
[EventCountry "ITA"]
[SourceTitle "EXT 2007"]
[Source "ChessBase"]
[SourceDate "2006.11.23"]
[SourceVersion "1"]
[SourceVersionDate "2006.11.23"]
[SourceQuality "1"]

1. e4 e6 2. d4 d5 3. e5 c5 4. c3 Nc6 5. Nf3 Qb6 6. Bd3 Bd7 7. 0-0 cxd4 8. cxd4 Nxd4 9. Nxd4 Qxd4 10. Nc3 Qb6 11. Re1 Ne7 12. b3 Nc6 13. Bb2 a6 14. Rc1 Qd8 15. a3 Be7 16. Qc2 Bg5 17. Rb1 Rc8 18. Bxh7 Bf4 19. g3 Qg5 20. Bd3 Bxe5 21. Qe2 Kf8 22. Bc1 Qf6 23. Nd1 Nd4 24. Qe3 Nf3+ 25. Kf1 Nxe1 26. Kxe1 Rxh2 27. f4 Bd4 28. Qf3 e5 29. Qxd5 Bc6 30. Qc4 Re8 31. f5 Rh1+ 32. Kd2 Kg8 33. a4 Qg5+ 34. Kc2 Rh2+ 35. Be2 Be4+ 0-1